LIBRARY & INFORMATION CENTRE, KCAET, TAVANUR

ONLINE PUBLIC ACCESS CATALOGUE (OPAC)

Managing Postharvest Quality and Losses in Horticultural Crops, Volume -1, Fruit Crops (Record no. 14470)

MARC details
000 -LEADER
fixed length control field 00503nam a22001697a 4500
003 - CONTROL NUMBER IDENTIFIER
control field OSt
008 - FIXED-LENGTH DATA ELEMENTS--GENERAL INFORMATION
fixed length control field 221007b |||||||| |||| 00| 0 eng d
020 ## - INTERNATIONAL STANDARD BOOK NUMBER
ISBN 9789351243564
041 ## - LANGUAGE CODE
Language code of text/sound track or separate title eng
082 ## - DEWEY DECIMAL CLASSIFICATION NUMBER
Classification number 631.56
Item number CHA/MA
245 ## - TITLE STATEMENT
Title Managing Postharvest Quality and Losses in Horticultural Crops, Volume -1, Fruit Crops
260 ## - PUBLICATION, DISTRIBUTION, ETC. (IMPRINT)
Place of publication New Delhi
Name of publisher Daya Publishing House, A Division of Astral International Pvt.Ltd
Year of publication 2015
300 ## - PHYSICAL DESCRIPTION
Number of Pages 253 to579
700 ## - ADDED ENTRY--PERSONAL NAME
Personal name Chadha,K.L
700 ## - ADDED ENTRY--PERSONAL NAME
Personal name Pal,R.K
942 ## - ADDED ENTRY ELEMENTS (KOHA)
Koha item type Books
Holdings
Withdrawn status Lost status Damaged status Collection code Home library Current library Shelving location Date acquired Source of acquisition Cost, normal purchase price Full call number Accession Number Koha item type
        KAUAET KAUAET General Stacks 07/07/2016 Arunima Book Distributor,TVPM 5995.00 631.56 CHA/MA 24827 Books
free website counter